Normal view
MARC view
Entry Nombre personal
001 - NÚMERO DE CONTROL
- campo de control: 937
003 - IDENTIFICADOR DE NÚMERO DE CONTROL
- campo de control: DLC
005 - FECHA Y HORA DE LA ÚLTIMA TRANSACCIÓN
- campo de control: 20260320102839.0
008 - ELEMENTOS DE DATO DE LONGITUD-FIJA
- campo de control de longitud fija: 030821n| azannaabn |n aaa
010 ## - NÚMERO DE CONTROL DE LA BIBLIOTECA DEL CONGRESO
- Número de control de LC: n 2003112365
035 ## - NÚMERO DE CONTROL DEL SISTEMA
- Número de control de sistema: (OCoLC)oca06134878
040 ## - FUENTE DE CATALOGACIÓN
- Centro catalogador/agencia de origen: DLC
- Lengua de catalogación: eng
- Normas de descripción: rda
- Centro/agencia transcriptor: DLC
- Centro/agencia modificador: ICU
- Centro/agencia modificador: DLC
046 ## - FECHAS CON CODIFICACIÓN ESPECIAL
- Fecha de nacimiento: 1937
- Fuente del esquema de fecha: edtf
100 1# - ENCABEZAMIENTO-NOMBRE DE PERSONA
- Nombre de persona: Soler, Colette
670 ## - FUENTE DE DATOS ENCONTRADOS
- Cita de la fuente: Soler, Colette. Ce que Lacan disait des femmes, 2003:
- Información encontrada: t.p. (Colette Soler) jkt flap (pratique et enseigne la psychanalyse, Paris; docteur en psychologie de l'Université de Paris VII)
670 ## - FUENTE DE DATOS ENCONTRADOS
- Cita de la fuente: (OCLC) 907964937 :
- Información encontrada: (Soler, Colette, 1937- . Lacan, lecteur de Joyce . Paris : Universitaires de France, 2015)